000 02622cam a22006854i 4500
003 PE-LiUPU
005 20250731170443.0
008 150625s2008 pe r 000 0 spa d
035 _a(Sirsi) a39101
040 _aPE-LiUPU
_bspa
_cPE-LiUPU
_dPE-LiUPU
_erda
049 _aPRUA
082 0 4 _a153
_bN94
_221
100 1 _aNúñez, Miguel Ángel,
_eautor.
245 1 0 _aNo dejes tu cerebro en casa :
_bla importancia de pensar /
_cMiguel Ángel Núñez.
264 1 _aLima :
_bFortaleza,
_c2008.
300 _a119 páginas ;
_c21 centímetros.
336 _atext
_2rdacontent
337 _aunmediated
_2rdamedia
338 _avolume
_2rdacarrier
490 0 _aPasaje a la vida
505 0 _aUn órgano maravilloso -- El mal del siglo Pensar no es automático -- La ley de causa y efecto -- La inteligencia verdadera -- Sabiduría versus presunción -- Creer es también pensar -- No tires tu vida por la borda -- El que ríe último, ríe mejor -- El fin del discurso es éste.
526 _aSEG68
526 _aSEG70
526 _aSEG69
526 _aSEG67
526 _aSEG43
526 _aP144
526 _aP143
526 _aP131
526 _aP122
526 _aP120
526 _aP117
526 _aP112
526 _aP110
526 _aP106
526 _aP101
526 _aP80
526 _aP59
526 _aP54
526 _aP35
526 _aP33
526 _aP30
650 0 4 _aPensamiento.
650 0 4 _aRaciocinio.
650 0 4 _aIrracionalidad.
650 0 4 _aRacionalidad.
650 0 4 _aValores.
910 _blch
_clch
_d20090407
910 _abgr
_bncf
_cncf
_d20190829
942 _2ddc
_cBOOK
949 _a153 N94
_wDEWEY
_c1
_i58553
_lCCODEBUL1
_mBUL
_p8.00
_r0
_sY
_tBOOK
_u2015-06-25
_xBIBLIOTECA
_zUNKNOWN
_0COMPRA
_o.STAFF. Colección Ciencias de la Salud
994 _aC0
_bPEPRU
596 _a1
999 _a153 N94
_wDEWEY
_c47455
_i58553
_f2021-11-3
_g3
_lCCODEBUL1
_mBUL
_p8.00
_r0
_sY
_tBOOK
_u2015-6-25
_xSALUD
_zUNKNOWN
_0COMPRA
_o.STAFF. Colección Ciencias de la Salud
_d47455
999 _a153 N94
_wDEWEY
_c2
_i80590
_lCRAI-HOUSE
_mBUL
_p8.00
_r0
_sY
_tBOOK
_u2019-8-29
_xUNKNOWN
_zUNKNOWN
_0DONACION
_o.STAFF. Colección General
999 _a153 N94
_wDEWEY
_c3
_i80591
_lCRAI-HOUSE
_mBUL
_p8.00
_r0
_sY
_tBOOK
_u2019-8-29
_xUNKNOWN
_zUNKNOWN
_0DONACION
_o.STAFF. Colección General
999 _a153 N94
_wDEWEY
_c4
_i80592
_lCRAI-HOUSE
_mBUL
_p8.00
_r0
_sY
_tBOOK
_u2019-8-29
_xUNKNOWN
_zUNKNOWN
_0DONACION
_o.STAFF. Colección General
980 _81
_gALBERTO SANCHEZ Responsable de Automatización